| 000 | 01275nam a22003377a 4500 | ||
|---|---|---|---|
| 003 | CHAP | ||
| 005 | 20220329143303.0 | ||
| 008 | 080211d1999 es db r 00110 spa d | ||
| 010 | _a94430 | ||
| 011 | _a95402 | ||
| 020 | _a8471148560 | ||
| 035 | _a106025 | ||
| 040 | _cCHAP | ||
| 082 | 0 | 0 |
_a348.4 _bH4 |
| 100 | 1 |
_aHernández Fernández, Santiago. _953995 |
|
| 245 | 1 | 3 |
_aLa legislación de evaluación de impacto ambiental en España : _bproyecto de investigación sobre la suficiencia de la legislación y la eficacia de su utilización _c/por Santiago Hernández Fernández |
| 260 |
_aMadrid : _bMundi-Prensa, _c2000 |
||
| 300 |
_a157 p. : _bgráfs. ; cuadros |
||
| 590 |
_aBATCH-UPD _b10 _c20130110 _lUCH01 _h0432 |
||
| 590 |
_aBATCH-UPD _b10 _c20130410 _lUCH01 _h0108 |
||
| 590 |
_aBATCH-UPD _b10 _c20130914 _lUCH01 _h1609 |
||
| 590 |
_aCONVERSION _b10 _c20130109 _lUCH01 _h1352 |
||
| 650 | 1 | 4 |
_aImpacto ambiental. _957465 |
| 650 | 1 | 4 |
_aMedio ambiente. _974065 |
| 650 | 1 | 4 |
_aMedio ambiente _xLeyes. _974098 |
| 650 | 1 | 4 |
_aRecursos naturales _xEspaña. _995281 |
| 710 | 2 |
_aLa Fundación para la Gestión y Protección del Medio Ambiente. _964223 |
|
| 901 | _aBK | ||
| 942 | _cLIBRO | ||
| 949 |
_a348.4 H4 _bBC _cLIBRO _d33724002047884 _eLIBRO _gI.c/e _h109254 _i106025 _sb _t$378.00 |
||
| 999 |
_c94430 _d94430 |
||